000 00347 a2200169 4500
001 169712
020 _a85*16-02730-9
040 _cMagnum
100 _aBraz, Emílio Júlio
240 1 0 _aBença, mãe
_lpor
245 1 0 _aBença, mãe
300 _a46
362 0 _a2001
440 1 _aModerna
697 _aLITERATURA JUVENIL
942 _cBK
999 _c169712
_d169712